<?xml version="1.0" encoding="UTF-8"?>
<record
    xmlns:xsi="http://www.w3.org/2001/XMLSchema-instance"
    xsi:schemaLocation="http://www.loc.gov/MARC21/slim http://www.loc.gov/standards/marcxml/schema/MARC21slim.xsd"
    xmlns="http://www.loc.gov/MARC21/slim">

  <leader>00817nam a22001337a 4500</leader>
  <datafield tag="040" ind1=" " ind2=" ">
    <subfield code="c">RUA</subfield>
  </datafield>
  <datafield tag="082" ind1=" " ind2=" ">
    <subfield code="a">LMA OEN 2024 B640 Or.1</subfield>
  </datafield>
  <datafield tag="100" ind1=" " ind2=" ">
    <subfield code="a">OENG EAVHONG, &#x17A2;&#x17CA;&#x17B9;&#x1784; &#x17A2;&#x17C0;&#x179C;&#x17A0;&#x17BB;&#x1784;</subfield>
  </datafield>
  <datafield tag="245" ind1=" " ind2=" ">
    <subfield code="a">A Study on Possibility for climate-resilient urban planning in chbar morn municipality, kompong speu Province, &#x179F;&#x17B7;&#x1780;&#x17D2;&#x179F;&#x17B6;&#x17A2;&#x17C6;&#x1796;&#x17B8;&#x179B;&#x1791;&#x17D2;&#x1792;&#x1797;&#x17B6;&#x1796;&#x1793;&#x17C3;&#x1780;&#x17B6;&#x179A;&#x179A;&#x17C0;&#x1794;&#x1785;&#x17C6;&#x1791;&#x17B8;&#x1780;&#x17D2;&#x179A;&#x17BB;&#x1784; &#x178A;&#x17BE;&#x1798;&#x17D2;&#x1794;&#x17B8;&#x17B3;&#x17D2;&#x1799;&#x1798;&#x17B6;&#x1793;&#x1797;&#x17B6;&#x1796;&#x1792;&#x1793;&#x17CB;&#x1793;&#x17B9;&#x1784;&#x1780;&#x17B6;&#x179A;&#x1794;&#x17D2;&#x179A;&#x17C2;&#x1794;&#x17D2;&#x179A;&#x17BD;&#x179B;&#x17A2;&#x17B6;&#x1780;&#x17B6;&#x179F;&#x1792;&#x17B6;&#x178F;&#x17BB;&#x1780;&#x17D2;&#x1793;&#x17BB;&#x1784;&#x1780;&#x17D2;&#x179A;&#x17BB;&#x1784;&#x1785;&#x17D2;&#x1794;&#x17B6;&#x179A;&#x1798;&#x1793; &#x1781;&#x17C1;&#x178F;&#x17D2;&#x178F;&#x1780;&#x17C6;&#x1796;&#x1784;&#x17CB;&#x179F;&#x17D2;&#x1796;&#x17BA;</subfield>
  </datafield>
  <datafield tag="260" ind1=" " ind2=" ">
    <subfield code="a">PHNOM PENH</subfield>
    <subfield code="b">RUA</subfield>
    <subfield code="c">2024</subfield>
  </datafield>
  <datafield tag="300" ind1=" " ind2=" ">
    <subfield code="a">ix,</subfield>
    <subfield code="b">ill,</subfield>
    <subfield code="c">29cm,</subfield>
  </datafield>
  <datafield tag="856" ind1=" " ind2=" ">
    <subfield code="u">https://drive.google.com/file/d/19BCUu_rZ7rKmS64dJHEC5W8xpJ-wlvxo/view?usp=sharing</subfield>
  </datafield>
  <datafield tag="942" ind1=" " ind2=" ">
    <subfield code="c">LMA</subfield>
  </datafield>
  <datafield tag="999" ind1=" " ind2=" ">
    <subfield code="c">25169</subfield>
    <subfield code="d">25169</subfield>
  </datafield>
  <datafield tag="952" ind1=" " ind2=" ">
    <subfield code="0">0</subfield>
    <subfield code="1">0</subfield>
    <subfield code="4">0</subfield>
    <subfield code="6">LMA_OEN_2024_000000000000000_B640_OR_1</subfield>
    <subfield code="7">0</subfield>
    <subfield code="9">105203</subfield>
    <subfield code="a">LBB</subfield>
    <subfield code="b">LBB</subfield>
    <subfield code="c">B640</subfield>
    <subfield code="d">2025-06-04</subfield>
    <subfield code="o">LMA OEN 2024 B640 Or.1</subfield>
    <subfield code="p">A084364</subfield>
    <subfield code="r">2025-06-04</subfield>
    <subfield code="y">LMA</subfield>
  </datafield>
  <datafield tag="952" ind1=" " ind2=" ">
    <subfield code="0">0</subfield>
    <subfield code="1">0</subfield>
    <subfield code="4">0</subfield>
    <subfield code="6">LMA_OEN_2024_000000000000000_B640_OR_2</subfield>
    <subfield code="7">0</subfield>
    <subfield code="9">105204</subfield>
    <subfield code="a">LBB</subfield>
    <subfield code="b">LBB</subfield>
    <subfield code="c">B640</subfield>
    <subfield code="d">2025-06-04</subfield>
    <subfield code="o">LMA OEN 2024 B640 Or.2</subfield>
    <subfield code="p">A084151</subfield>
    <subfield code="r">2025-06-04</subfield>
    <subfield code="y">LMA</subfield>
  </datafield>
</record>
